| 000 | 01010nam a2200193 a 4500 | ||
|---|---|---|---|
| 001 | 53967 | ||
| 005 | 20180714044519.0 | ||
| 008 | 140415s2004 000 0 spa d | ||
| 020 | _a0072538651 | ||
| 041 | _aspa | ||
| 082 |
_a658 _bBAT |
||
| 100 | 1 | _aBATEMAN, THOMAS S. -SNELL, SCOTT A. | |
| 245 | 1 | 0 |
_aMANAGEMENT : _bTHE NEW COMPETITIVE LANDSCAPE |
| 250 | _a6a ed. | ||
| 260 |
_a[s.l.] : _bMCGRAW HILL COMPANY, _c2004 |
||
| 300 |
_a614 _c22 x 2.7 x 28.5 |
||
| 520 | _aMANAGEMENT: THE NEW COMPETITIVE LANDSCAPE RETURNS WITH ITS SIXTH EDITION, FEATURING AN IMPRESSIVE COLLETION OF INTERACTIVE TOOLS-ALL TO HELP USERS BETTER UNDERSTAND TODAYS WORLD OF MANAGEMENT. THIS SUCCESSFUL TEXT HAS ALWAYS EXPLAINED THE TRADITIONAL, FUNCTIONAL APPROACH TO MANAGEMENT IN COMBINATION WITH EVOLVING PERSPECTIVES AND CURRENT PRACTICES. IN THIS LATEST EDITION, BATEMAN AND SNELL SHOW HOW MANAGERS ACHIEVE THEIR GOALS BY USING CLASSIC PRINCIPLES ALONG WITH NEW STRATEGIES AND | ||
| 650 | 1 | 4 | _aADMINISTRACION |
| 999 |
_c53967 _d53967 |
||